Gigs : (Record no. 183270)

MARC details
000 -LEADER
fixed length control field 01373nam a2200325 a 4500
001 - CONTROL NUMBER
control field vtls003248120
003 - CONTROL NUMBER IDENTIFIER
control field MY-SjTCS
005 - DATE AND TIME OF LATEST TRANSACTION
control field 20200226121444.0
008 - FIXED-LENGTH DATA ELEMENTS--GENERAL INFORMATION
fixed length control field 121207s2012 enk b 001 0 eng d
020 ## - INTERNATIONAL STANDARD BOOK NUMBER
International Standard Book Number 9780415648004 (pbk.)
020 ## - INTERNATIONAL STANDARD BOOK NUMBER
International Standard Book Number 9780415347006 (hbk.)
039 #9 - LEVEL OF BIBLIOGRAPHIC CONTROL AND CODING DETAIL [OBSOLETE]
Level of rules in bibliographic description 201302050942
Level of effort used to assign nonsubject heading access points wilmina
Level of effort used to assign subject headings 201301311008
Level of effort used to assign classification izani
-- 201212071812
-- malathy
043 ## - GEOGRAPHIC AREA CODE
Geographic area code n-us-ny
082 04 - DEWEY DECIMAL CLASSIFICATION NUMBER
Classification number 791.097471
Item number CHE 2012
100 1# - MAIN ENTRY--PERSONAL NAME
Personal name Chevigny, Paul,
Dates associated with a name 1935-
9 (RLIN) 67763
245 10 - TITLE STATEMENT
Title Gigs :
Remainder of title jazz and the cabaret laws in New York City /
Statement of responsibility, etc. Paul Chevigny.
250 ## - EDITION STATEMENT
Edition statement 2nd ed.
260 ## - PUBLICATION, DISTRIBUTION, ETC.
Place of publication, distribution, etc. London ;
-- New York :
Name of publisher, distributor, etc. Routledge,
Date of publication, distribution, etc. 2012.
300 ## - PHYSICAL DESCRIPTION
Extent xxviii, 218 p. ;
Dimensions 24 cm.
490 0# - SERIES STATEMENT
Series statement Routledge studies in law, society, and popular culture ;
Volume/sequential designation 2
500 ## - GENERAL NOTE
General note This edition originally published: 2005.
504 ## - BIBLIOGRAPHY, ETC. NOTE
Bibliography, etc. note Includes bibliographical references and index.
650 #0 - SUBJECT ADDED ENTRY--TOPICAL TERM
Topical term or geographic name entry element Performing arts
Geographic subdivision New York (State)
-- New York
General subdivision History
Chronological subdivision 20th century.
650 #0 - SUBJECT ADDED ENTRY--TOPICAL TERM
Topical term or geographic name entry element Musicians
General subdivision Legal status, laws, etc.
Geographic subdivision New York (State)
-- New York.
650 #0 - SUBJECT ADDED ENTRY--TOPICAL TERM
Topical term or geographic name entry element Music-halls (Variety-theaters, cabarets, etc.)
General subdivision Law and legislation
Geographic subdivision New York (State)
-- New York.
650 #0 - SUBJECT ADDED ENTRY--TOPICAL TERM
Topical term or geographic name entry element Jazz
Geographic subdivision New York (State)
-- New York
General subdivision History and criticism.
650 #0 - SUBJECT ADDED ENTRY--TOPICAL TERM
Topical term or geographic name entry element Popular culture
Geographic subdivision New York (State)
-- New York
General subdivision History
Chronological subdivision 20th century.
651 #0 - SUBJECT ADDED ENTRY--GEOGRAPHIC NAME
Geographic name New York (N.Y.)
General subdivision Social life and customs.
920 ## - Programme
Programme SOD : 192702
Holdings
Withdrawn status Lost status Source of classification or shelving scheme Damaged status Not for loan Home library Current library Date acquired Cost, normal purchase price Total Checkouts Barcode Date last seen Copy number Uniform Resource Identifier Cost, replacement price Koha item type Public note
    Dewey Decimal Classification     Taylor's Library-TU Taylor's Library-TU 18/12/2012 133.90   5000138033 12/12/2019 1 Floor 4, Shelf 33 , Side 1, TierNo 5, BayNo 2 133.90 Main Collection TDSxx,29002,03,CL